| 000 | 01321cam a2200337 a 4500 | ||
|---|---|---|---|
| 001 | 4576 | ||
| 003 | FISKH | ||
| 005 | 20250827145505.0 | ||
| 008 | 070131s2007 maua j 000 1 eng | ||
| 010 | _a 2006101786 | ||
| 020 | _a9780618884032 (pbk. : alk. paper) | ||
| 020 | _a0618884033 (pbk. : alk. paper) | ||
| 040 |
_aDLC _cDLC _dDLC _beng |
||
| 050 | _aPZ7.M8494 | ||
| 082 | _a428 | ||
| 100 | 1 | _aMoscovich, Rotem. | |
| 245 | 1 | 0 |
_aCurious George takes a trip / _cadaptation by Rotem Moscovich. |
| 260 |
_aNew York : _bHoughton Mifflin Company, _c2007. |
||
| 300 |
_a22 pages : _bcolor illustrations ; _c23 cm |
||
| 500 | _a"Based on the TV series teleplay written by Raye Lankford." | ||
| 505 | _aG | ||
| 520 | _aCurious George and his friend are going on vacation on an airplane. At check-in, the ticket clerk gives George a toy airplane to play with, but he soon loses it and has a few adventures trying to find it again. What an exciting start to his vacation!--Publisher description. | ||
| 521 | 8 |
_a400
_bLexile |
|
| 521 | 8 |
_aG
_bRaz-Plus |
|
| 650 |
_aCurious George _vTransportation _xMonkey |
||
| 700 | 1 |
_aLankford, Raye. _eWriter |
|
| 730 | 0 | _aCurious George (Television program) | |
| 906 |
_a7 _bcbc _corignew _d1 _eecip _f20 _gy-gencatlg |
||
| 942 |
_2ddc _cBK _n0 |
||
| 999 |
_c4576 _d4576 |
||